Bazme Taimuriya : / بزم تيموريۂ (Record no. 27239)

MARC details
000 -LEADER
fixed length control field 00493nam a22001697a 4500
003 - CONTROL NUMBER IDENTIFIER
control field BDDh-ASL
005 - DATE AND TIME OF LATEST TRANSACTION
control field 20231015030737.0
008 - FIXED-LENGTH DATA ELEMENTS--GENERAL INFORMATION
fixed length control field 211028s1948 ii ||||| |||| 00| 0 u d
040 ## - CATALOGING SOURCE
Original cataloging agency BDDh-ASL
Transcribing agency BDDh-ASL
082 ## - DEWEY DECIMAL CLASSIFICATION NUMBER
Classification number 950.24
Item number RAB
100 1# - MAIN ENTRY--PERSONAL NAME
9 (RLIN) 4835
Personal name Rahman, Syed Sabahuddin Abdur
245 10 - TITLE STATEMENT
Title Bazme Taimuriya : / بزم تيموريۂ
260 ## - PUBLICATION, DISTRIBUTION, ETC.
Place of publication, distribution, etc. Azamgarh :
Name of publisher, distributor, etc. Marif Press ,
Date of publication, distribution, etc. 1948.
300 ## - PHYSICAL DESCRIPTION
Extent 464 p. :
Dimensions 26 cm.
650 #0 - SUBJECT ADDED ENTRY--TOPICAL TERM
9 (RLIN) 5482
Topical term or geographic name entry element Timurid Dynasty
General subdivision History
942 ## - ADDED ENTRY ELEMENTS (KOHA)
Source of classification or shelving scheme Dewey Decimal Classification
Koha item type Books
Holdings
Withdrawn status Lost status Source of classification or shelving scheme Damaged status Not for loan Collection code Home library Current library Shelving location Date acquired Source of acquisition Serial Enumeration / chronology Total Checkouts Full call number Barcode Date last seen Copy number Price effective from Koha item type
    Dewey Decimal Classification     Non-fiction Asiatic Society Library Asiatic Society Library General Stacks 10/28/2021 ASB Library Collection U-0643   950.24 RAB 113327 10/28/2021 C-1 10/28/2021 Books

Powered by Koha